Les fondements de l'éthique (Record no. 163638)
[ view plain ]
| 000 -LEADER | |
|---|---|
| campo de control de longitud fija | 00998nam a22002415i 4500 |
| 001 - NÚMERO DE CONTROL | |
| campo de control | 163638 |
| 003 - IDENTIFICADOR DE NÚMERO DE CONTROL | |
| campo de control | ES-MaACL |
| 005 - FECHA Y HORA DE LA ÚLTIMA TRANSACCIÓN | |
| campo de control | 20250718062547.0 |
| 008 - DATOS DE LONGITUD FIJA--INFORMACIÓN GENERAL | |
| campo de control de longitud fija | 050715s1899 fr | |||||||| ||fre d |
| 040 ## - FUENTE DE CATALOGACIÓN | |
| Centro catalogador/agencia de origen | CAM |
| Lengua de catalogación | spa |
| Centro/agencia transcriptor | CAM |
| 100 1# - ENTRADA PRINCIPAL--NOMBRE DE PERSONA | |
| Nombre de persona | Roberty, Eugène de. |
| 9 (RLIN) | 97861 |
| 245 14 - MENCIÓN DEL TÍTULO | |
| Título | Les fondements de l'éthique |
| Resto del título | : troisième essai sur la morale consiérée comme sociologie élémentaire / |
| Mención de responsabilidad, etc. | par E. de Roberty. |
| 250 ## - MENCION DE EDICION | |
| Mención de edición | 2e éd. |
| 260 ## - PUBLICACIÓN, DISTRIBUCIÓN, ETC. | |
| Lugar de publicación, distribución, etc. | Paris : |
| Nombre del editor, distribuidor, etc. | Félix Alcan éditeur, |
| Fecha de publicación, distribución, etc. | 1899 ( |
| Lugar de fabricación/manufactura | Coulommiers : |
| Fabricante | Imp. Paul Brodard) |
| 300 ## - DESCRIPCIÓN FÍSICA | |
| Extensión | VI, 204 p. ; |
| Dimensiones | 18 cm. |
| 490 1# - MENCIÓN DE SERIE | |
| Mención de serie | Bibliothèque de philosophie contemporaine. L'étique ; |
| Designación de volumen o secuencia | 3 |
| 598 ## - NOTA LOCAL | |
| Nota local | La primera serie consta en la cub. original, la segunda en port. y el nº en antep. |
| 650 #7 - PUNTO DE ACCESO ADICIONAL DE MATERIA--TÉRMINO DE MATERIA | |
| Término de materia o nombre geográfico como elemento de entrada | Ética |
| Fuente del encabezamiento o término | embne |
| 9 (RLIN) | 12577 |
| 752 ## - ENTRADA AGREGADA--NOMBRE JERÁRQUICO DEL LUGAR | |
| País o entidad superior | Francia - |
| Ciudad | París |
| 830 0# - PUNTO DE ACCESO ADICIONAL DE SERIE-TÍTULO UNIFORME | |
| Título uniforme | Bibliothèque de philosophie contemporaine. L'étique ; |
| Designación de volumen o secuencia | 3 |
| 9 (RLIN) | 222291 |
| 852 ## - LOCALIZACIÓN | |
| Ubicación | ES-MaACL |
| Número de control de estantería | F-11722 |
| Nota libre | -- Enc. hol. conservando la cub. original |
| Estatus retirado | Estado de pérdida | Estado de daño | No para préstamo | Colección | Biblioteca de origen | Biblioteca actual | Ubicación en estantería | Fecha de adquisición | Fuente de adquisición | Total de préstamos | Signatura topográfica completa | Código de barras | Visto por última vez | Precio de reemplazo | Tipo de ítem Koha |
|---|---|---|---|---|---|---|---|---|---|---|---|---|---|---|---|
| Libros del s. XIX | Biblioteca del Ateneo de Madrid | Biblioteca del Ateneo de Madrid | Sala Pecera Planta 2 | 17/01/2008 | F-11722 | 1171480 | 23/02/2023 | 23/02/2023 | Libro impreso antiguo |
